| 000 | 00673nam a2200229 a 4500 | ||
|---|---|---|---|
| 003 | PILC | ||
| 005 | 20160226094424.0 | ||
| 008 | 060922s19uu xx 00 eng d | ||
| 020 | _a9780750678988 | ||
| 050 |
_aG 155.A1 _b.M264 2006 |
||
| 100 | _aMansfeld, Yoel. | ||
| 245 |
_aTourism, security and safety / _cYoel Mansfeld, Abraham Pizam. |
||
| 250 | _a1st edition. | ||
| 260 |
_aAmsterdam : _bElsevier, _c2006. |
||
| 300 |
_a361 pages : _c23 cm. _billustrations ; |
||
| 500 | _aIncludes bibliographical references and index. | ||
| 650 | _aTourism. | ||
| 650 |
_aTourism _xSafety measures. |
||
| 700 | _aPizam, Abraham. | ||
| 942 |
_cBK _2lcc _kFOR |
||
| 999 |
_c21690 _d21690 |
||